Countries with the most people of Filipino descent - Statistics

General Stats
  • This quiz has been taken 55 times
  • The average score is 12 of 15
Answer Stats
Answer % Correct
1 USA
100%
9 United Kingdom
96%
3 Canada
93%
8 Australia
91%
5 Japan
91%
12 Spain
80%
14 Germany
78%
4 United Arab Emirates
78%
6 Malaysia
76%
10 Singapore
74%
15 South Korea
74%
13 Taiwan
70%
11 Italy
67%
2 Saudi Arabia
67%
7 Qatar
65%
No matching quizzes found
Score Distribution
Percent of People with Each Score
Percentile by Number Answered
Your Score History
You have not taken this quiz